Bệnh ký sinh trùng của vật nuôi và thú hoang lây sang người; T2

Gespeichert in:
Bibliographische Detailangaben
1. Verfasser: Nguyễn Phước Tương
Format: Buch
Sprache:Undetermined
Veröffentlicht: H. Nông nghiệp 2002
Schlagworte:
Tags: Tag hinzufügen
Keine Tags, Fügen Sie den ersten Tag hinzu!
Thư viện lưu trữ: Trung tâm Học liệu Trường Đại học Cần Thơ
LEADER 00614nam a2200193Ia 4500
001 CTU_58607
008 210402s9999 xx 000 0 und d
020 |b 11500 
082 |a 636.089696 
082 |b T561/T2 
100 |a Nguyễn Phước Tương 
245 0 |a Bệnh ký sinh trùng của vật nuôi và thú hoang lây sang người; T2 
245 0 |c Nguyễn Phước Tương 
260 |a H. 
260 |b Nông nghiệp 
260 |c 2002 
650 |a parasitic diseases,communicale diseases 
904 |i Minh 
980 |a Trung tâm Học liệu Trường Đại học Cần Thơ